ბათუმის შოთა რუსთაველის სახელმწიფო უნივერსიტეტის ბიბლიოთეკა

European Union law : (ბიბ.ჩანაწერი № 57862)

000 -LEADER
fixed length control field 02358cam a2200409 i 4500
001 - CONTROL NUMBER
control field 18054497
005 - DATE AND TIME OF LATEST TRANSACTION
control field 20210319143406.0
008 - FIXED-LENGTH DATA ELEMENTS--GENERAL INFORMATION
fixed length control field 140305s2015 enka b 001 0 eng
010 ## - LIBRARY OF CONGRESS CONTROL NUMBER
LC control number 2014007621
020 ## - INTERNATIONAL STANDARD BOOK NUMBER
International Standard Book Number 9781107664340 (paperback)
040 ## - CATALOGING SOURCE
Original cataloging agency DLC
Language of cataloging eng
Transcribing agency DLC
Description conventions rda
Modifying agency DLC
042 ## - AUTHENTICATION CODE
Authentication code pcc
043 ## - GEOGRAPHIC AREA CODE
Geographic area code e------
050 00 - LIBRARY OF CONGRESS CALL NUMBER
Classification number KJE947
Item number .E883 2014
080 ## - UNIVERSAL DECIMAL CLASSIFICATION NUMBER
Universal Decimal Classification number 341.2 Ch-43
082 00 - DEWEY DECIMAL CLASSIFICATION NUMBER
Classification number 341.242/2
Edition number 23
100 1# - MAIN ENTRY--PERSONAL NAME
Personal name Chalmers, Damian,
Relator term author.
9 (RLIN) 9684
245 10 - TITLE STATEMENT
Title European Union law :
Remainder of title text and materials /
Statement of responsibility, etc. Damian Chalmers, Gareth Davies, Giorgio Monti.
250 ## - EDITION STATEMENT
Edition statement Third edition.
264 #1 - PRODUCTION, PUBLICATION, DISTRIBUTION, MANUFACTURE, AND COPYRIGHT NOTICE
Place of production, publication, distribution, manufacture Cambridge, United Kingdom :
Name of producer, publisher, distributor, manufacturer Cambridge University Press,
Date of production, publication, distribution, manufacture, or copyright notice 2014.
300 ## - PHYSICAL DESCRIPTION
Extent cxi, 1114 pages :
Other physical details illustrations ;
Dimensions 25 cm
336 ## - CONTENT TYPE
Content type term text
Source rdacontent
337 ## - MEDIA TYPE
Media type term unmediated
Source rdamedia
338 ## - CARRIER TYPE
Carrier type term volume
Source rdacarrier
504 ## - BIBLIOGRAPHY, ETC. NOTE
Bibliography, etc. note Includes bibliographical references and index.
520 ## - SUMMARY, ETC.
Summary, etc. "The cover of this book portrays the Myth of Europa . The story has it that Europa, a Phoenician princess, was abducted by Zeus, the god of thunder, disguised as a bull. Zeus had been searching for a wife beautiful enough to become Queen of his native Crete. When he saw Europa he was smitten. Europa was gathering fl owers by the seaside with her friends when she came upon the bull. Uncommonly gentle, the bull inspired no fear. Decking its horns with fl owers, Europa climbed upon its back, whereupon the bull - Zeus - took off at a trot and dived into the sea. Europa was carried off to Crete, where she became the mother of Minos, the mythical King of Crete, who periodically demanded a tribute of young men and women of Athens to be sacrificed to the Minotaur"--
Assigning source Provided by publisher.
610 20 - SUBJECT ADDED ENTRY--CORPORATE NAME
Corporate name or jurisdiction name as entry element European Union.
9 (RLIN) 10575
650 #0 - SUBJECT ADDED ENTRY--TOPICAL TERM
Topical term or geographic name entry element Law
Geographic subdivision European Union countries.
9 (RLIN) 9670
653 ## - INDEX TERM--UNCONTROLLED
keyword European Union Law : Text and Materials
653 ## - INDEX TERM--UNCONTROLLED
keyword ევროპული სამართალი : ტექსტი და მასალები
653 ## - INDEX TERM--UNCONTROLLED
keyword Закон Европейского Союза : текст и материалы
700 1# - ADDED ENTRY--PERSONAL NAME
Personal name Davies, Gareth,
Relator term author.
9 (RLIN) 9686
700 1# - ADDED ENTRY--PERSONAL NAME
Personal name Monti, Giorgio,
Relator term author.
9 (RLIN) 9687
906 ## - LOCAL DATA ELEMENT F, LDF (RLIN)
a 7
b cbc
c orignew
d 1
e ecip
f 20
g y-gencatlg
942 ## - ADDED ENTRY ELEMENTS (KOHA)
Source of classification or shelving scheme
Koha item type წიგნი
ეგზემპლარები
Withdrawn status Lost status Source of classification or shelving scheme Damaged status Not for loan Permanent Location Current Location Shelving location Date acquired Cost, normal purchase price Full call number Barcode Date last seen Copy number Price effective from Koha item type Public note
          ბათუმის შოთა რუსთაველის სახელმწიფო უნივერსიტეტის მთავარი ბიბლიოთეკა ბათუმის შოთა რუსთაველის სახელმწიფო უნივერსიტეტის მთავარი ბიბლიოთეკა წიგნსაცავი 2021-03-19 123.00 341.2 Ch-43 54055 2021-03-19 54055 2021-03-19 წიგნი 123.00 GEL.
          ბათუმის შოთა რუსთაველის სახელმწიფო უნივერსიტეტის მთავარი ბიბლიოთეკა ბათუმის შოთა რუსთაველის სახელმწიფო უნივერსიტეტის მთავარი ბიბლიოთეკა წიგნსაცავი 2021-03-19 123.00 341.2 Ch-43 54131 2021-03-19 54131 2021-03-19 წიგნი 123.00 GEL.